[Event "Montreal Yanofsky op"]
[Site "Montreal"]
[Date "1976.03.27"]
[Round "2"]
[White "Vignalou, Jacques"]
[Black "Brodie, Hugh"]
[Result "1/2-1/2"]
[WhiteElo "1835"]
[BlackElo "1905"]
[PlyCount "62"]
[EventDate "1976.03.26"]
[EventType "swiss"]
[EventRounds "5"]
[EventCountry "CAN"]
[SourceTitle "EXT 2022"]
[Source "ChessBase"]
[SourceDate "2021.10.06"]
[SourceVersion "1"]
[SourceVersionDate "2021.10.06"]
[SourceQuality "1"]

1. e4 c5 2. Nf3 Nc6 3. Bb5 g6 4. 0-0 Bg7 5. Re1 Nd4 6. Nxd4 cxd4 7. d3 Nf6 8. c4 0-0 9. Nd2 d6 10. Nf3 Nd7 11. Bxd7 Bxd7 12. b4 e5 13. a4 a6 14. Rb1 b5 15. cxb5 axb5 16. a5 Rc8 17. h3 Re8 18. Bg5 f6 19. Bd2 Be6 20. Rc1 Qd7 21. Nh2 d5 22. f3 dxe4 23. fxe4 Rxc1 24. Qxc1 Bf8 25. Nf1 Bd6 26. Qb2 Kg7 27. Rc1 Rc8 28. Rc2 Rxc2 29. Qxc2 Qc7 30. Qxc7+ Bxc7 31. Kf2 f5 1/2-1/2